000 00577nam a2200229Ia 4500
003 OSt
005 20220918180222.0
006 a|||||r|||| 00| 0
007 ta
008 220917b |||||||| |||| 00| 0 eng d
024 _a21,196
037 _cTextual
040 _aARTS
_cARTS
_beng
041 _2eng
_aeng
082 _aO:3M12:27, J8 (=)
100 _aDickens Charles
_911511
245 0 _aTale of two cities
260 _c1958
650 _aENGLISH LITERATURE
942 _hO:3M12:27, J8 (=)
_cTEXL
_2CC
999 _c160755
_d160755